| 000 | 00511nam a2200169Ia 4500 | ||
|---|---|---|---|
| 005 | 20250702093300.0 | ||
| 008 | 250702s9999 xx 000 0 und d | ||
| 020 | _a3631430078 | ||
| 082 |
_a915.645003 _bKOR |
||
| 100 | _aKornrumpf, Hans-Jürgen | ||
| 245 | 3 | _aAn Historical Gazetteer of Cyprus (1850-1987) with Notes on Population | |
| 260 |
_bPeter Lang Pub Incorporated _c1990 |
||
| 300 | _a324 pages | ||
| 500 | _aSpine title: Gazetteer of Cyprus (1850-1987). | ||
| 650 | _aHistory | ||
| 942 | _cENGLISH | ||
| 999 |
_c574552 _d574552 |
||